Concise law of housing (Record no. 98161)

MARC details
000 -LEADER
fixed length control field 00453cam a2200205 4500
001 - CONTROL NUMBER
control field D14417
008 - FIXED-LENGTH DATA ELEMENTS--GENERAL INFORMATION
fixed length control field 090401t1965 xxu||||| |||| 00| 0 eng d
035 ## - SYSTEM CONTROL NUMBER
System control number (Sirsi) u94741
041 ## - LANGUAGE CODE
Language code of text/sound track or separate title eng
100 ## - MAIN ENTRY--PERSONAL NAME
Personal name West, W.A.
245 ## - TITLE STATEMENT
Title Concise law of housing
250 ## - EDITION STATEMENT
Edition statement 2nd
260 ## - PUBLICATION, DISTRIBUTION, ETC.
Place of publication, distribution, etc. London
Name of publisher, distributor, etc. Estates Gazette
Date of publication, distribution, etc. 1965
300 ## - PHYSICAL DESCRIPTION
Extent 290p
350 ## - PRICE (NR) (BK AM CF MU VM SE) [OBSOLETE]
Price 2.38
520 ## - SUMMARY, ETC.
Summary, etc. Shelf 163
700 ## - ADDED ENTRY--PERSONAL NAME
Personal name Davies, Keith
942 ## - ADDED ENTRY ELEMENTS (KOHA)
Suppress in OPAC 0
948 ## - LOCAL PROCESSING INFORMATION (OCLC); SERIES PART DESIGNATOR (RLIN)
c (OCLC) 04/03/1997
Holdings
Withdrawn status Lost status Source of classification or shelving scheme Damaged status Not for loan Home library Current library Shelving location Date acquired Total Checkouts Full call number Barcode Date last seen Copy number Price effective from Koha item type
    Other/Generic Classification Scheme     London London Basement 27/07/2001   SHELF 160 30011458 06/08/2019 1 06/08/2019 Reference material